KOHA-Header-6

Signals and Systems (Record no. 463)

000 -LEADER
fixed length control field 00295nam a2200121Ia 4500
008 - FIXED-LENGTH DATA ELEMENTS--GENERAL INFORMATION
fixed length control field 190722s9999 xx 000 0 und d
020 ## - INTERNATIONAL STANDARD BOOK NUMBER
International Standard Book Number 978-81-265-1265-2
100 ## - MAIN ENTRY--PERSONAL NAME
Personal name Simon Haykin Veen
245 #0 - TITLE STATEMENT
Title Signals and Systems
260 ## - PUBLICATION, DISTRIBUTION, ETC. (IMPRINT)
Place of publication, distribution, etc New Delhi
Name of publisher, distributor, etc John Wiley
Date of publication, distribution, etc 2014
300 ## - PHYSICAL DESCRIPTION
Extent 802
942 ## - ADDED ENTRY ELEMENTS (KOHA)
Koha item type Books
Holdings
Withdrawn status Lost status Damaged status Not for loan Collection code Permanent Location Current Location Shelving location Date acquired Full call number Barcode Date last seen Price effective from Koha item type
        Electrical Engineering Computing and Engineering Library Block-D Computing and Engineering Library Block-D Shelf No.B25 2019-07-22 621.3815 7089 2019-07-22 2019-07-22 Electrical Engineering

Powered by Koha